01c-北海道・道北の市町村クイズ - Statistics

General Stats
  • This quiz has been taken 1,597 times
    1,482 since last reset
  • The average score is 24 of 41
Answers on the Map
Answers color-coded by a green-red scale on the quiz's map according to % correct below.
 
Answer Stats
Answer % Correct
稚内わっかない
91%
礼文れぶんちょう
87%
利尻りしりちょう
81%
旭川あさひかわ
79%
猿払さるふつむら
75%
利尻富士りしりふじちょう
74%
富良野ふらの
70%
留萌るもい
69%
枝幸えさしちょう
68%
浜頓別はまとんべつちょう
67%
豊富とよとみちょう
66%
中富良野なかふらのちょう
66%
上富良野かみふらのちょう
65%
南富良野みなみふらのちょう
65%
天塩てしおちょう
64%
中頓別なかとんべつちょう
64%
音威子府おといねっぷむら
63%
増毛ましけちょう
63%
中川なかがわちょう
59%
名寄なよろ
57%
士別しべつ
56%
占冠しむかっぷむら
56%
東神楽ひがしかぐらちょう
56%
上川かみかわちょう
54%
東川ひがしかわちょう
54%
美瑛びえいちょう
52%
幌加内ほろかないちょう
52%
幌延ほろのべちょう
52%
初山別しょさんべつむら
51%
羽幌はぼろちょう
50%
剣淵けんぶちちょう
49%
下川しもかわちょう
49%
遠別えんべつちょう
48%
小平おびらちょう
46%
和寒わっさむちょう
46%
比布ぴっぷちょう
45%
愛別あいべつちょう
44%
鷹栖たかすちょう
44%
苫前とままえちょう
44%
当麻とうまちょう
42%
美深びふかちょう
42%
No matching quizzes found
Score Distribution
Percent of People with Each Score
Percentile by Number Answered
Your Score History
You have not taken this quiz since the last reset